000 00347nam a2200133 i 4500
001 bg
100 1 _aMEINERS, H. H.
245 0 _aDer Einfluss der hydrodynamischen Kupplung auf die Belastungen... /
_cH.H. Meiners.
260 _aDusseldorf,
_c1983.
040 _cBPK
041 _apol
942 _cKS
008 s pl f |000 0 pol
999 _c22652
_d22652
856 _uhttp://koha.tu.koszalin.pl/cgi-bin/koha/opac-detail.pl?biblionumber=22652
_yKatalog online BPK